Daň z nehnuteľností

Bibliographic Details
Main Author: Bubeníková, Irena (Author)
Format: Article
Language:Slovak
ISSN:1337-0448
Subjects:

MARC

LEADER 00000nab a2200000 ar4500
001 vtls008981849
003 SK-MaSNL
005 20260303065153.0
008 070201c2007 xo sr|p|||||||000 b|slo
015 |a SNBRB2007/04  |2 snkbucl 
038 |a SNKBUCL 
040 |a SNKBUCL  |b slo  |c SNKBUCL  |e AACR2 
041 0 |a slo 
044 |a xo  |c SK 
080 |a 352.9  |x (437.6)  |2 2001 
080 |a 336.226.212.1  |2 2001 
100 1 |a Bubeníková, Irena  |4 aut  |9 11676 
245 1 0 |a Daň z nehnuteľností  |c Irena Bubeníková 
648 7 |a 2007  |2 snkbucl  |9 313226 
650 0 7 |a miestna správa  |2 snkbucl  |9 29496 
650 0 7 |a daň z nehnuteľnosti  |2 snkbucl  |9 2116 
650 0 7 |a nariadenia  |2 snkbucl  |9 712142 
773 0 |t Verejná správa : školy, úrady, obce, kultúra, zdravotníctvo, rozpočtové, príspevkové, neziskové organizácie  |g Č. 5 (2007), s. 16-26  |x 1337-0448 
852 |a SNK  |b KIS3GCP 
958 |a SK 
999 |c 1750127  |d 1752057